000 00407nam a22001577a 4500
999 _c6045
_d6043
005 20210827131611.0
008 200225b xxu||||| |||| 00| 0 eng d
020 _a81-239-0680-3
041 _aeng
100 _aBHANDARI.Dr. ANLI AND SINGH, G.K.
_96779
245 _aTEXTBOOK OF PHARMACEUTICAL ORGANIC CHEMISTRY
260 _aNEW DELHI
_bCBS
300 _a171p,
650 _aPHARMACY
_96782
942 _cBK